• 首页
  • 本馆介绍
  • 公告通知
  • 最新文献
  • 馆藏检索
  • 电子资源
  • 读者导购
  • 参考咨询
  • 我的图书馆
  • 登录
  • 详细信息显示
  • 放入我的书架
  • 预约/预借图书
  • 作者相关作品
  • 分类相关作品
  • 丛书相关作品
  • 出版社相关作品

书目信息

  • 表格格式
  • 工作单格式
  • 卡片格式
题名:
马克思
    
 
作者: 贝克 著 ;王源 , 张怀武 译
分册:  
出版信息: 石家庄   河北教育出版社  2001
页数: 202页
开本: 19cm
丛书名: 外国名人传记口袋书系列
单 册:
中图分类: A711
科图分类:
主题词: 马克思,K.--传记
电子资源:
ISBN: 7-5434-3967-0
000 00732nam2 2200241 45
001 0206101473
005 20041209162243.8
010    @a7-5434-3967-0@dCNY8.30
100    @a20020610d2001 km y0chiy0120 ea
101 0  @achi@cger
105    @aca z 000yb
200 1  @a马克思@AMa Ke Si@f(德)活尔夫冈·贝克著@F(De)Huo Er Fu Gang·Bei Ke Zhu@g王源,张怀武译
210    @a石家庄@c河北教育出版社@d2001
215    @a202页@c肖像,插图@d19cm
225    @a外国名人传记口袋书系列
410    @12001 @a外国名人传记口袋书系列
606 0  @a马克思,K.@x传记
690    @aA711@v4
701  0 @a贝克@4著
702  0 @a王源@AWang Yuan@4译
702  0 @a张怀武@AZhang Huai Wu@4译
801    @aCN@bTSTC@c20020610
905    @b311599-608@dA711@e100@f10
    
    马克思/(德)活尔夫冈·贝克著/王源,张怀武译.-石家庄:河北教育出版社,2001
    202页:肖像,插图;19cm.-(外国名人传记口袋书系列)
    
    
    ISBN 7-5434-3967-0:CNY8.30
    
●
相关链接 在E读中查询图书 在五车中查询图书 在当当中查询图书 在豆瓣中查询图书


正题名:马克思     索取号:A711/100         预约/预借

序号 登录号 条形码 馆藏地/架位号 状态 备注
1 0311599   203115994   第一借阅区/ [索取号:A711/100] 在馆    
2 0311600   203116001   第一借阅区/ [索取号:A711/100] 在馆    
3 0311601   203116010   第一借阅区/ [索取号:A711/100] 在馆    
4 0311602   203116029   第一借阅区/ [索取号:A711/100] 在馆    
5 0311603   203116038   第一借阅区/ [索取号:A711/100] 在馆    
6 0311604   203116047   第一借阅区/ [索取号:A711/100] 在馆    
7 0311605   203116056   第一借阅区/ [索取号:A711/100] 在馆    
8 0311606   203116065   第一借阅区/ [索取号:A711/100] 在馆    
9 0311607   203116074   第一借阅区/ [索取号:A711/100] 在馆    
10 0311608   203116083   第一样本阅览室/ [索取号:A711/100] 在馆    
唐山师范学院图书馆 欢迎您!
大连网信软件有限公司© 版权所有